R (on the application of Montpeliers and Trevors Association) v Westminster City Council (Record no. 74872)

MARC details
000 -LEADER
fixed length control field 01165cam a2200205 4500
001 - CONTROL NUMBER
control field ABS68781
008 - FIXED-LENGTH DATA ELEMENTS--GENERAL INFORMATION
fixed length control field 050304n2005 000 0 eng u
035 ## - SYSTEM CONTROL NUMBER
System control number (Sirsi) u128934
041 ## - LANGUAGE CODE
Language code of text/sound track or separate title eng
245 ## - TITLE STATEMENT
Title R (on the application of Montpeliers and Trevors Association) v Westminster City Council
260 ## - PUBLICATION, DISTRIBUTION, ETC.
Date of publication, distribution, etc. 2005
490 ## - SERIES STATEMENT
Series statement Estates Gazette
Volume/sequential designation [2005] 03 EG 117 (CS)(1)
520 ## - SUMMARY, ETC.
Summary, etc. [2005] EWHC 16 (Admin), 13 January 2005. Considered the application of a traffic order under the Road Traffic Regulation Act 1984 s9 to regulate the access of traffic to two squares used as rat-runs. M sought a judicial review on the grounds that, "inter alia", the local authority had failed to provide adequate consultation and had applied the consultation procedure in an unfair manner. "Held": the claim was allowed.
590 ## - LOCAL NOTE (RLIN)
Local note ABS
650 ## - SUBJECT ADDED ENTRY--TOPICAL TERM
Topical term or geographic name entry element R V WESTMINSTER LBC EX P MONTPELIERS AND TREVORS ASSOCIATION
650 ## - SUBJECT ADDED ENTRY--TOPICAL TERM
Topical term or geographic name entry element ROAD TRAFFIC REGULATION ACT 1984 S9
690 ## - LOCAL SUBJECT ADDED ENTRY--TOPICAL TERM (OCLC, RLIN)
Topical term or geographic name as entry element PROPERTY-INFRASTRUCTURE-ROAD INFRASTRUCTURE
856 ## - ELECTRONIC LOCATION AND ACCESS
Uniform Resource Identifier <a href="https://www.bailii.org/cgi-bin/markup.cgi?doc=/ew/cases/EWHC/Admin/2005/16.html">https://www.bailii.org/cgi-bin/markup.cgi?doc=/ew/cases/EWHC/Admin/2005/16.html</a>
Public note View the judgment at www.bailii.org...
942 ## - ADDED ENTRY ELEMENTS (KOHA)
Suppress in OPAC 0
Holdings
Withdrawn status Lost status Source of classification or shelving scheme Damaged status Not for loan Home library Current library Shelving location Date acquired Total Checkouts Full call number Barcode Date last seen Copy number Price effective from Koha item type
    Dewey Decimal Classification     London London Journal article 04/03/2005   ABS68781 128934-1001 06/08/2019 1 06/08/2019 Journal article